000 00556nam a2200205Ia 4500
005 20260415160355.0
008 008 250505s9999 xx 000 0 eng d
037 _aTextual
040 _aFEDL
_beng
_cFEDL
041 _aeng
_2eng
084 _a121 ROB
_qFEDL
100 _aRobinson James Harvey
245 0 _aMind in the making
260 _aLondon, UK
_bWatts and Co.
_c1921
300 _a148p
490 _aThe thinker's library; 46
650 _aPhilosophy
942 _cTEXL
_h121 ROB
999 _c1322213
_d1322213